Animal Words not in the OALD - Viverridae - Statistics

General Stats
  • This quiz has been taken 10 times
  • The average score is 6 of 7
Answer Stats
Hint Answer % Correct
Arctictis binturong bearcat
100%
Poiana richardsonii Central African oyan
83%
Genetta angolensis miombo genet
83%
Genetta pardina pardine genet
83%
Genetta servalina servaline genet
83%
Genetta cristata crested servaline genet
67%
Poiana leightoni West African oyan
67%
No matching quizzes found
Score Distribution
Percent of People with Each Score
Percentile by Number Answered
Your Score History
You have not taken this quiz